00548nam a22001697a 450000500170000001000150001702000250003203500130005703700130007008200080008324501300009126000410022127000610026230000220032370000170034570000160036220100813162530.0 aENG-100156 a9788120737396c99.00 aEN-83688 bDBAD/PUB a200 aUnity in diversity :bthoughts of the world's great religions /ccompiled and edited by O. P. Ghai ; foreword by Karan Singh  aNew DelhibSterling Paperbacksc2008 aA-59, Okhla Industrial Area, Phase-IIbNew Delhie110020 a134P.c18cm (pbk) aGhai, O. P.  aKaran Singh